000
00332nam a2200133Ia 4500
008
151213s9999 xx 000 0 und d
100
_a
John Drinkwater
245
_a
Victorian Poetry
_c
John Drinkwater
260
_a
London
_b
Hodder & Stoughton
300
_a
1900 p.
650
_a
English
700
_a
John Drinkwater
999
_c
1405
_d
1405